| Tag |
First Indicator |
Second Indicator |
Subfields |
| LEADER |
00000cam a22000004a 4500 |
| 001 |
in00002467449 |
| 005 |
20151110040823.0 |
| 008 |
080507s2008 enk b 001 0 eng |
| 010 |
|
|
|a 2008020959
|
| 020 |
|
|
|a 9780230537019
|
| 020 |
|
|
|a 0230537014
|
| 029 |
1 |
|
|a AU@
|b 000043064804
|
| 035 |
|
|
|a (OCoLC)ocn227574377
|
| 035 |
|
|
|a (OCoLC)227574377
|
| 040 |
|
|
|a DLC
|c DLC
|d BTCTA
|d BAKER
|d YDXCP
|d BWKUK
|d BWK
|d CDX
|d BWX
|d UtOrBLW
|
| 043 |
|
|
|a a-is---
|
| 049 |
|
|
|a TXAM
|
| 050 |
0 |
0 |
|a DS125.5
|b .G47 2008
|
| 082 |
0 |
0 |
|a 320.54095694
|2 22
|
| 100 |
1 |
|
|a Gerber, Haim.
|
| 245 |
1 |
0 |
|a Remembering and imagining Palestine :
|b identity and nationalism from the Crusades to the present /
|c Haim Gerber.
|
| 264 |
|
1 |
|a Basingstoke [England] ;
|a New York :
|b Palgrave Macmillan,
|c 2008.
|
| 300 |
|
|
|a vii, 243 pages ;
|c 23 cm.
|
| 336 |
|
|
|a text
|b txt
|2 rdacontent
|
| 337 |
|
|
|a unmediated
|b n
|2 rdamedia
|
| 338 |
|
|
|a volume
|b nc
|2 rdacarrier
|
| 504 |
|
|
|a Includes bibliographical references (pages 214-233) and index.
|
| 505 |
0 |
|
|a Introduction -- The wider historical and theoretical context -- Elements of Palestinian-Arab identity in the past -- The formative period : 1918-22 -- From riots to radicalization : 1929-36 -- The great rebellion and its aftermath -- The ideology of the Palestinian Arabs during the Mandate -- Palestinian nationalism after 1948 -- Summary and conclusion.
|
| 651 |
|
0 |
|a Palestine
|x History
|y 1917-1948.
|
| 650 |
|
0 |
|a Palestinian Arabs
|x History.
|
| 650 |
|
0 |
|a Identity (Philosophical concept)
|
| 650 |
|
0 |
|a Nationalism
|x Religious aspects.
|
| 650 |
|
0 |
|a Arab nationalism
|z Palestine.
|
| 650 |
|
0 |
|a Religion and politics
|z Palestine.
|
| 938 |
|
|
|a Baker and Taylor
|b BTCP
|n BK0007870721
|
| 938 |
|
|
|a Baker & Taylor
|b BKTY
|c 74.95
|d 74.95
|i 0230537014
|n 0007870721
|s active
|
| 938 |
|
|
|a YBP Library Services
|b YANK
|n 100500964
|
| 938 |
|
|
|a Blackwell Book Service UK
|b BBUK
|n L9799939
|c 50.00
|
| 938 |
|
|
|a Coutts Information Services
|b COUT
|n 8292229
|c 74.95
|
| 938 |
|
|
|a Blackwell Book Service
|b BBUS
|n R2751662
|c $74.95
|
| 945 |
|
|
|a PromptCat
|b 581561
|
| 946 |
|
|
|a stk
|
| 947 |
|
|
|a A14837415097
|
| 994 |
|
|
|a 92
|b TXA
|
| 948 |
|
|
|a cataloged
|b h
|d 2009/1/5
|h c
|e asalazar
|f 4:46:12 pm
|
| 999 |
|
|
|a MARS
|
| 999 |
f |
f |
|s cd657ee6-8e39-3d2c-baf8-19025db960ee
|i 54142b63-82ef-38d1-b0a7-36877348dec0
|t 0
|
| 952 |
f |
f |
|p ric
|a Texas A&M University
|b Rellis Campus
|c Joint Library Facility
|d Remote Storage
|t 0
|e DS125.5 .G47 2008
|h Library of Congress classification
|i unmediated -- volume
|m A14837415097
|
| 998 |
f |
f |
|a DS125.5 .G47 2008
|t 0
|l Remote Storage
|